[Event "Edinburgh op"]
[Site "Edinburgh"]
[Date "1988.??.??"]
[Round "8"]
[White "Dempsey, A."]
[Black "Grant, Jonathan"]
[Result "1-0"]
[WhiteElo "2200"]
[BlackElo "2200"]

1.c4 Nf6 2.Nc3 c5 3.Nf3 e6 4.e3 Nc6 5.d4 cxd4 6.exd4 d5 7.cxd5 Nxd5 8.Bd3 Be7
9.O-O O-O 10.a3 Bf6 11.Bc2 g6 12.Bh6 Bg7 13.Qd2 b6 14.Bg5 Qd6 15.Ne4 Qb8
16.Bb3 Nce7 17.Rfe1 Bb7 18.Ne5 Bc8 19.Bh4 f6 20.Nf3 Nf5 21.Bg3 Nxg3 22.hxg3 Bb7
23.Nc3 Qd6 24.Re2 Rae8 25.Rae1 a6 26.Nxd5 Bxd5 27.Bxd5 Qxd5 28.Qf4 Rf7 29.Rc2 b5
30.Rec1 e5 31.dxe5 fxe5 32.Qh4 Bf6 33.Qg4 e4 34.Nh2 Bd4 35.Nf1 Qb3 36.Qd1 Bb6
37.Re2 Qe6 38.Ne3 Ref8 39.Qd2 Rf6 40.Rc2 Rd8 41.Qc1 Rdf8 42.Qd2 Rd8 43.Qe1 Rd3
44.Nf1 Qf7 45.Rxe4 Rd7 46.Ne3 h5 47.Rd2 Ba5 48.b4 Bb6 49.Qd1 Rxd2 50.Qxd2 Kg7
51.g4 Rc6 52.gxh5 gxh5 53.Re7 Qxe7 54.Nf5+ Kf7 55.Nxe7 Kxe7 56.Kh2 Rf6 57.Qe2+ Kf8
58.f3 Kg7 59.Qe7+ Kg6 60.Qe4+ Kg7 61.Qe7+ Kg6 62.Qe4+ Kh6 63.g3 Rg6 64.Qf4+ Kg7
65.Qe5+ Kh6 66.Qh8+ Kg5 67.Qe5+ Kh6 68.Qh8+ Kg5 69.f4+ Kg4 70.Kg2 h4 71.Qxh4+ Kf5
72.Qh5+ Kf6 73.Qe5+ Kf7 74.Qd5+ Ke8 75.Qa8+ Bd8 76.Qe4+ Kf7 77.Qd5+ Ke8 78.Qh5  1-0

[Event "Eger op"]
[Site "Eger"]
[Date "1988.??.??"]
[Round "?"]
[White "Moehring, Guenther"]
[Black "Topakian, Raffi"]
[Result "1-0"]
[WhiteElo "2395"]
[BlackElo "2200"]

1.Nf3 Nf6 2.c4 c5 3.Nc3 g6 4.e4 Nc6 5.d4 cxd4 6.Nxd4 Bg7 7.Be3 O-O 8.Be2 d6
9.O-O Re8 10.Qd2 Ng4 11.Bxg4 Bxg4 12.f4 Nxd4 13.Bxd4 e5 14.fxe5 dxe5 15.Be3 Qxd2
16.Bxd2 Be6 17.Nd5 Rac8 18.Rac1 f5 19.b3 Bxd5 20.exd5 e4 21.Be3 a6 22.Rfd1 Red8
23.g3 Bb2 24.Rc2 Ba3 25.Kf2 Kf7 26.Ke2 Rd7 27.h4 Bd6 28.Bf4 Bc5 29.Be3 b6
30.b4 Bxb4 31.Bxb6 Bc5 32.Bxc5 Rxc5 33.Ke3 Rdc7 34.Rdc1 Ke7 35.Kd4 Kd6 36.Rc3 a5
37.Rb1 Ke7 38.a4 Kd6 39.Rb5 Rc8 40.Rxc5 Rxc5 41.Rb3 Rc7 42.c5+ Kd7 43.d6 Ra7
44.Kd5 Ra8  1-0

[Event "Eger op"]
[Site "Eger"]
[Date "1988.??.??"]
[Round "?"]
[White "Keitlinghaus, Ludger"]
[Black "Michaelsen, Nils"]
[Result "1-0"]
[WhiteElo "2390"]
[BlackElo "2310"]

1.c4 Nf6 2.Nf3 c5 3.Nc3 e6 4.g3 b6 5.Bg2 Bb7 6.O-O d6 7.b3 Nbd7 8.Bb2 Be7
9.e3 O-O 10.Qe2 a6 11.Rfd1 Re8 12.Qf1 Ra7 13.d4 Qa8 14.Ne1 Bxg2 15.Qxg2 cxd4
16.Qxa8 Rexa8 17.exd4 d5 18.cxd5 exd5 19.Nd3 Bd6 20.Rac1 Rc7 21.f3 Rac8 22.Kf2 h6
23.Ne2 Nf8 24.Rxc7 Rxc7 25.Rc1 Rxc1 26.Bxc1 Ne6 27.Bd2 Kf8 28.h3 h5 29.a4 Ke7
30.g4 hxg4 31.hxg4 Nd7 32.Nb4 Bxb4 33.Bxb4+ Kd8 34.Bd6 Nf6 35.Be5 Ng8 36.Ke3 Kd7
37.Nc3 Ne7 38.Bg3 f5 39.Be5 fxg4 40.fxg4 g6 41.b4 b5 42.axb5 axb5 43.Nxb5 Nc6
44.Bd6 Ng5 45.Bc5 Ne4 46.Kf4 Kd8 47.Na7 Nxa7 48.Bxa7 Kd7 49.Ke5 Kc6 50.Bc5 Nf2
51.g5 Ne4  1-0

[Event "Eppingen BM"]
[Site "Eppingen"]
[Date "1988.??.??"]
[Round "?"]
[White "Fehling, Michael"]
[Black "Schuh, Hubert"]
[Result "1/2-1/2"]
[WhiteElo "2255"]
[BlackElo "2320"]

1.Nf3 Nf6 2.c4 c5 3.Nc3 g6 4.g3 Bg7 5.Bg2 O-O 6.O-O d5 7.cxd5 Nxd5 8.Nxd5 Qxd5
9.d3 Nc6 10.Be3 Qd6  1/2-1/2

[Event "Dreszer mem"]
[Site "Gdynia"]
[Date "1988.??.??"]
[Round "9"]
[White "Tomaszewski, Roman"]
[Black "Maciejewski, Miroslaw"]
[Result "0-1"]
[WhiteElo "2370"]
[BlackElo "2340"]

1.Nf3 Nf6 2.c4 c5 3.Nc3 e6 4.g3 Nc6 5.Bg2 d5 6.cxd5 exd5 7.d4 Be7 8.O-O O-O
9.dxc5 Bxc5 10.b3 Bg4 11.Bb2 Re8 12.Rc1 Rc8 13.h3 Be6 14.Ng5 Qe7 15.Nxe6 fxe6
16.e4 d4 17.e5 Nxe5 18.Na4 b6 19.Bxd4 Red8 20.Nxc5 bxc5 21.Rxc5 Qxc5 22.Bxc5 Rxd1
23.Rxd1 Rxc5 24.Rd8+ Kf7 25.f4 Ned7 26.g4 Ke7 27.Ra8 Rc7 28.a4 Nc5 29.Rh8 h6
30.g5 hxg5 31.fxg5 Nd5 32.h4 Nf4 33.Bf1 g6 34.Bc4 Ne4 35.a5 Rd7 36.a6 Rd1+  0-1

[Event "Regional-Liga NS"]
[Site "Germany"]
[Date "1988.??.??"]
[Round "?"]
[White "Rohde, Ulrich"]
[Black "Sawadkuhi, Massoud Amir"]
[Result "0-1"]
[WhiteElo "2320"]
[BlackElo "2240"]

1.c4 Nf6 2.Nc3 c5 3.Nf3 b6 4.g3 Bb7 5.Bg2 e6 6.O-O Be7 7.d4 cxd4 8.Qxd4 d6
9.Rd1 a6 10.b3 Nbd7 11.e4 Qc8 12.Bb2 O-O 13.Rac1 Re8 14.Qe3 Bf8 15.Nd4 Qb8
16.Qd2 Qa7 17.Re1 Rac8 18.Kh1 Qa8 19.f3 h5 20.Nc2 Qb8 21.Ne3 Be7 22.Qe2 h4
23.f4 hxg3 24.hxg3 b5 25.cxb5 axb5 26.Qxb5 Nc5 27.e5 dxe5 28.Bxb7 Nxb7 29.Qxe5 Bd6
30.Qg5 Nh7 31.Qg4 Bf8 32.Qf3 Nc5 33.Nc4 Nxb3 34.axb3 Qxb3 35.Re2 Rxc4 36.Rh2 g6
37.Qg2 Bg7 38.Ne4 Rxc1+ 39.Bxc1 Qd1+ 40.Qg1 Qd5 41.Qg2 Rc8 42.Be3 Ra8 43.Bg1 Ra1
44.Rxh7 Kxh7 45.Ng5+ Kg8  0-1

[Event "BL2-S8788"]
[Site "Germany"]
[Date "1988.??.??"]
[Round "?"]
[White "Birke, Matthias"]
[Black "Ploetz, Werner"]
[Result "0-1"]
[WhiteElo "2290"]
[BlackElo "2250"]

1.c4 Nf6 2.Nf3 e6 3.Nc3 c5 4.d4 cxd4 5.Nxd4 Nc6 6.Ndb5 d5 7.cxd5 Nxd5 8.Nxd5 exd5
9.Qxd5 Bb4+ 10.Bd2 Qe7 11.Nc3 O-O 12.Bg5 Qc7 13.e3 Be6 14.Qd2 Qa5 15.f4 f6
16.Bh4 Rfd8 17.Qc1 Rac8 18.Be2 Nd4 19.exd4 Bxc3+ 20.bxc3 Rxc3 21.O-O Rxc1
22.Raxc1 Bd5 23.f5 Qxa2 24.Bf3 Bxf3 25.Rxf3 Qd5 26.Bf2 a5 27.Rc5 Qxc5 28.dxc5 Rd1+
29.Be1 Rxe1+ 30.Kf2 Re5 31.Rb3 Rxf5+ 32.Ke3 Rxc5 33.Rxb7 h5 34.h4 Rc4 35.Rb5 Rxh4
36.Rxa5 Kh7 37.Kf3 Kh6 38.Kg3 Rb4 39.Kf3 g5 40.Ra8 Rb3+ 41.Kf2 h4 42.Rg8 Kh7
43.Rf8 Kg6 44.Rh8 Kf5 45.Rh6 Rb2+ 46.Kg1 Ra2 47.Kh2 Ra1 48.Rh8 Kg4 49.Rb8 f5
50.Rb4+ f4 51.Rb3 Re1 52.Ra3 Re3 53.Ra4 h3 54.gxh3+ Rxh3+ 55.Kg2 Rb3 56.Rc4 Rb2+
57.Kf1 Kg3 58.Ke1 f3 59.Rc1 Kg2 60.Rc2+  0-1

[Event "Bundesliga 8788"]
[Site "Germany"]
[Date "1988.??.??"]
[Round "?"]
[White "Koepf, Ulrich"]
[Black "Tischer, Guenter"]
[Result "0-1"]
[WhiteElo "2230"]
[BlackElo "2325"]

1.Nf3 c5 2.c4 Nf6 3.Nc3 e6 4.d4 d5 5.Bg5 dxc4 6.e3 cxd4 7.Qxd4 Qxd4 8.Nxd4 a6
9.Bxc4 Bd7 10.O-O Nc6 11.Rfd1 Nxd4 12.exd4 Rc8 13.Bb3 Bb4 14.Bxf6 gxf6 15.Ne4 Be7
16.d5 f5 17.dxe6 fxe6 18.Nd6+ Bxd6 19.Rxd6 Rc6 20.Rxc6 bxc6 21.Re1 Ke7 22.Re5 Rb8
23.h3 Kd6 24.f4 Rb4 25.g3 c5 26.Re2 Rd4 27.Kf2 a5 28.a3 a4 29.Ba2 c4 30.Ke1 Bc6
31.Rd2 Kc5 32.Bb1 Be4 33.Bxe4 Rxe4+ 34.Kf2 Rd4 35.Re2 Kd6 36.Rc2 Kd5 37.Re2 Rd3
38.Re5+ Kd6 39.Re3 Rb3 40.g4 Rxb2+ 41.Ke1 Rb3 42.Kd2 Rxe3 43.Kxe3 Kd5 44.g5 e5
45.h4 exf4+ 46.Kxf4 Kd4 47.h5 c3 48.g6 hxg6 49.hxg6 c2 50.g7 c1=Q+ 51.Kxf5 Qf1+  0-1

[Event "Groningen"]
[Site "Groningen"]
[Date "1988.??.??"]
[Round "?"]
[White "Greenfeld, Alon"]
[Black "Ftacnik, Lubomir"]
[Result "1/2-1/2"]
[WhiteElo "2550"]
[BlackElo "2590"]

1.c4 c5 2.Nf3 Nf6 3.Nc3 e6 4.g3 b6 5.Bg2 Bb7 6.O-O Be7 7.d4 cxd4 8.Qxd4 d6
9.Bg5 a6 10.Bxf6 Bxf6 11.Qf4 Bxf3 12.Qxf3 Ra7 13.Rad1 O-O 14.b3 Rd7 15.Rd3 Qc7
16.Rfd1 Be7 17.a4 Rc8 18.h4 Rdd8 19.Qf4  1/2-1/2

[Event "Groningen"]
[Site "Groningen"]
[Date "1988.??.??"]
[Round "?"]
[White "Rogers, Ian"]
[Black "Greenfeld, Alon"]
[Result "1/2-1/2"]
[WhiteElo "2535"]
[BlackElo "2550"]

1.Nf3 Nf6 2.c4 c5 3.Nc3 e6 4.g3 b6 5.Bg2 Bb7 6.O-O Be7 7.Re1 d6 8.e4 a6 9.d4 cxd4
10.Nxd4 Qc7 11.b3 O-O 12.Bb2 Nbd7 13.Qe2 Rfe8 14.h3 Bf8 15.Qe3 Rad8 16.Re2 g6
17.Rae1 Bg7 18.Nc2 Qb8 19.Nb4 Nc5 20.Qd2 Ba8  1/2-1/2

[Event "Hradec Kralove"]
[Site "Hradec Kralove"]
[Date "1988.??.??"]
[Round "5"]
[White "Zilberstein, David"]
[Black "David, Pavel"]
[Result "0-1"]
[WhiteElo "2235"]
[BlackElo "2335"]

1.Nf3 Nf6 2.c4 c5 3.Nc3 e6 4.g3 b6 5.Bg2 Bb7 6.O-O Be7 7.Qc2 d6 8.d4 cxd4
9.Nxd4 Bxg2 10.Kxg2 O-O 11.Rd1 a6 12.e4 Qc7 13.b3 Nbd7 14.Bb2 Rac8 15.Rac1 Qb7
16.Qe2 Rc7 17.f3 Rfc8 18.Qe3 Ne5 19.Qe2 Ng6 20.Kg1 Bf8 21.Qe3 h5 22.Kg2 Re8
23.Qd3 h4 24.Re1 Rc5 25.Rcd1 Qb8 26.Bc1 b5 27.cxb5 axb5 28.Ndxb5 d5 29.a4 Nh5
30.Ne2 hxg3 31.Be3 gxh2 32.Kh1 dxe4 33.Qxe4 Re5 34.Qd3 Bc5 35.Nbd4 Rxe3 36.Qxe3 e5
37.Nc6 Bxe3 38.Nxb8 Rxb8 39.Rb1 Rc8 40.Rb2 Nhf4 41.Kxh2 Nd3 42.Ra2 Nb4 43.Rb2 Ne7
44.Rd1 Ned5 45.Kg2 Rc6 46.Rh1 Nd3 47.Ra2 Rg6+ 48.Kf1 Ba7 49.Ng1 Ne3+ 50.Ke2 Nc1+  0-1

[Event "Illinois"]
[Site "Illinois"]
[Date "1988.??.??"]
[Round "?"]
[White "Chow, Albert"]
[Black "Pelts, Peter"]
[Result "1/2-1/2"]
[WhiteElo "2305"]
[BlackElo "2245"]

1.Nf3 c5 2.c4 Nf6 3.Nc3 g6 4.d4 cxd4 5.Nxd4 Bg7 6.e4 d6 7.Be2 O-O 8.O-O a6
9.Be3 Nc6 10.Rc1 Nxd4 11.Bxd4 Be6 12.f3 Rc8 13.b3 Re8 14.Qd2 Qa5 15.Rfd1 Nd7
16.Be3 Rb8 17.Nd5 Qxd2 18.Rxd2 Rbc8 19.Kf2 Bxd5 20.Rxd5 Rc6 21.Rb1 Nb6 22.Rdd1 Rec8
23.Rdc1 Nd7 24.g3 Kf8 25.a4 a5 26.b4 axb4 27.Rxb4 b6 28.f4 Nc5 29.Bxc5 bxc5
30.Rb7 Ra6 31.Bd1 Rca8 32.Ke2 R6a7 33.Rcb1 Bd4 34.Kd3 h5 35.R1b5 Bg1 36.Rxa7 Rxa7
37.Rb2 Ke8 38.h3 Kd7 39.g4 hxg4 40.hxg4 Kc7  1/2-1/2

[Event "JUG-ch"]
[Site "?"]
[Date "1988.??.??"]
[Round "?"]
[White "Djuric, Stefan"]
[Black "Cebalo, Miso"]
[Result "1-0"]
[WhiteElo "2475"]
[BlackElo "2515"]

1.Nf3 Nf6 2.c4 c5 3.Nc3 b6 4.g3 Bb7 5.Bg2 g6 6.b3 Bg7 7.Bb2 O-O 8.O-O d6
9.d4 cxd4 10.Qxd4 Nbd7 11.Rac1 a6 12.Nd5 b5 13.Nxf6+ Nxf6 14.Qh4 h5 15.cxb5 axb5
16.a3 Rc8 17.Rxc8 Qxc8 18.Rc1 Qb8 19.Qb4 Bd5 20.Bh3 Bxf3 21.exf3 Nd5 22.Qd2 Bxb2
23.Qxb2 b4 24.f4 bxa3 25.Qxa3 Qb4 26.Qb2 e6 27.Bf1 Ne7 28.Rc4 Qb6 29.b4 d5
30.Rc1 Nf5 31.b5 Rb8 32.Bd3 Nd4 33.Kg2 Ra8 34.Qb4 Kg7 35.Rc5 Ra4 36.Qc3 Qa5
37.Qc1 Qb4 38.Rc8 Qd6 39.Qc3 Qa3 40.Qc7 Nf3 41.Qd8  1-0

[Event "URS-FL56"]
[Site "Klaipeda"]
[Date "1988.??.??"]
[Round "?"]
[White "Gelfand, Boris"]
[Black "Psakhis, Lev"]
[Result "1/2-1/2"]
[WhiteElo "2585"]
[BlackElo "2560"]

1.Nf3 Nf6 2.c4 c5 3.Nc3 b6 4.g3 Bb7 5.Bg2 g6 6.O-O Bg7 7.d4 cxd4 8.Nxd4 Bxg2
9.Kxg2 O-O 10.e4 Qc7 11.b3 Nc6 12.Be3 Qb7 13.f3 Rac8 14.Qd2 Rfd8 15.Rac1  1/2-1/2

[Event "FRG-ch qual"]
[Site "Koenigslutter"]
[Date "1988.??.??"]
[Round "?"]
[White "Haskamp, Stephan"]
[Black "Michaelsen, Nils"]
[Result "1/2-1/2"]
[WhiteElo "2300"]
[BlackElo "2380"]

1.c4 Nf6 2.Nc3 c5 3.Nf3 e6 4.g3 b6 5.Bg2 Bb7 6.O-O a6 7.d4 cxd4 8.Qxd4 d6
9.Bg5 Nbd7 10.Nd2 Bxg2 11.Kxg2 Be7 12.Nde4 Qc7 13.Rfd1 O-O 14.Rac1 Rfd8 15.Kg1 h6
16.Nxf6+ Nxf6 17.Be3 Rab8 18.Na4 Nd7 19.b3 Qb7 20.Qd2 Rbc8 21.Bd4 Rc6 22.Nb2 Nf6
23.Nd3 Rcc8 24.Qe3  1/2-1/2

[Event "Le Touquet op"]
[Site "Le Touquet"]
[Date "1988.??.??"]
[Round "8"]
[White "Villeneuve, Alain"]
[Black "Small, Vernon A"]
[Result "0-1"]
[WhiteElo "2335"]
[BlackElo "2355"]

1.Nf3 Nf6 2.c4 g6 3.Nc3 c5 4.e3 Bg7 5.d4 O-O 6.Be2 cxd4 7.exd4 d5 8.O-O Nc6
9.h3 dxc4 10.Bxc4 Na5 11.Bd3 Be6 12.Re1 Rc8 13.Bg5 Nc4 14.Qe2 Qa5 15.Bxf6 exf6
16.Ne4 Bd5 17.b3 Nb6 18.g4 Rfd8 19.Rac1 Rxc1 20.Rxc1 Bc6 21.Rc5 Qa3 22.Qd2 Rd5
23.Qf4 Rxc5 24.dxc5 Nd7 25.Bc4 Qxa2 26.Nd6 Qa1+ 27.Kh2 Ne5 28.Bxf7+ Kf8 29.Ng1 Nxf7
30.Nxf7 Kxf7 31.Qc7+ Kg8 32.Qc8+ Bf8  0-1

[Event "Liechtenstein op"]
[Site "Liechtenstein"]
[Date "1988.??.??"]
[Round "?"]
[White "Ekstroem, Roland"]
[Black "Wians, Camille"]
[Result "1-0"]
[WhiteElo "2430"]
[BlackElo "2215"]

1.c4 Nf6 2.Nc3 c5 3.Nf3 e6 4.g3 b6 5.Bg2 Bb7 6.O-O Be7 7.d4 cxd4 8.Qxd4 d6
9.Rd1 a6 10.Ng5 Bxg2 11.Kxg2 O-O 12.Nce4 h6 13.Nxf6+ Bxf6 14.Qe4 hxg5 15.Qxa8 Qc7
16.Qe4 b5 17.cxb5 axb5 18.a4 bxa4 19.Qxa4 Nd7 20.Rb1 Qb7+ 21.Kg1 Ra8 22.Qc2 Rc8
23.Qd3 Ne5 24.Qe3 Rc4 25.Rxd6 Re4 26.Rb6 Qd5 27.Qb3 Rxe2 28.Qxd5 Re1+ 29.Kg2 exd5
30.Rd6 g4 31.h3 gxh3+ 32.Kxh3 Rd1 33.b4 Nc4 34.Rd7 d4 35.b5 Be5 36.f4 Bf6
37.b6 Nxb6 38.Rxb6 Rxc1 39.Rb8+ Kh7 40.Rxf7 Kg6 41.Rd7 Kf5 42.Re8 Rh1+ 43.Kg2 Rd1
44.Rg8 Ke4 45.Ra8 Rd2+ 46.Kh3 d3 47.Kg4 Rd1  1-0

[Event "Madrid rapid"]
[Site "Madrid"]
[Date "1988.??.??"]
[Round "8"]
[White "Portisch, Lajos"]
[Black "Psakhis, Lev"]
[Result "1/2-1/2"]
[WhiteElo "2610"]
[BlackElo "2550"]

1.c4 c5 2.Nf3 Nf6 3.Nc3 e6 4.g3 b6 5.e4 Bb7 6.d3 d6 7.Bg2 Be7 8.O-O O-O 9.h3 a6
10.Be3 Qc7 11.Rc1 Nbd7 12.Nd2 Bc6 13.f4 b5 14.b3 Nb6 15.g4 d5 16.cxd5 exd5
17.e5 d4 18.exf6 Bxf6 19.Nce4 dxe3 20.Nxf6+ gxf6 21.Ne4 Kh8 22.Rxc5 Nd7 23.Rh5 Qb6
24.Kh2 Qd4 25.Qe1 Rg8 26.Ng3 Qb2 27.Rg1 Bxg2 28.Rxg2 Qd4 29.Qf1 Rge8 30.Nf5 Qb6
31.Qf3 Nf8 32.Re2 Rad8 33.d4 Ng6 34.Rxe3 Rxe3 35.Nxe3 Qxd4 36.Rd5 Rxd5 37.Nxd5 Nh4
38.Qg3 Qxd5 39.Qxh4 Qd2+ 40.Kh1 Qxf4 41.Qe1 Kg7 42.Kg2 b4 43.Qe2 a5 44.Qc2 Qd4
45.Qe2 Qe5 46.Qc2 Kh8 47.Qc8+ Kg7 48.Qc2 h6 49.Qd2 f5 50.Qc2 Qe4+ 51.Qxe4 fxe4
52.Kg3 f5 53.gxf5 Kf6 54.Kf4 e3 55.Kxe3 Kxf5 56.Kf3 Kg5 57.Kg3  1/2-1/2

[Event "Montpellier"]
[Site "Montpellier"]
[Date "1988.??.??"]
[Round "4"]
[White "Vaisman, Volodia"]
[Black "Pira, Davoud"]
[Result "1-0"]
[WhiteElo "2395"]
[BlackElo "2330"]

1.Nf3 Nf6 2.c4 e6 3.Nc3 c5 4.e4 Nc6 5.Bd3 e5 6.Bc2 Be7 7.d3 d6 8.h3 h6 9.Ba4 O-O
10.O-O Nh7 11.Bxc6 bxc6 12.Nh2 Bg5 13.Ne2 Rb8 14.f4 exf4 15.Nxf4 Bf6 16.Rb1 Qa5
17.a3 Ng5 18.Kh1 Rb7 19.Nh5 Be5 20.Ng4 f5 21.exf5 Bxf5 22.Nxe5 dxe5 23.Bxg5 hxg5
24.Ng3 Rbf7 25.Nxf5 Rxf5 26.Rxf5 Rxf5 27.Qg4 g6 28.Qe4 Qd2 29.Qxc6 Qxd3 30.Qxg6+ Kf8
31.Rg1 Ke7 32.b4 Qd7 33.bxc5 Qe6 34.Qg7+ Qf7 35.Qh6 Qe6 36.Qh8 Qxc4 37.Qc8 Qe6
38.Qb7+ Qd7 39.c6 Qxb7 40.cxb7 Rf8 41.Rb1 Rb8 42.Kg1 Kd7 43.Kf2 Kd6 44.Ke3 Kd5
45.g3 Kc6 46.Ke4 Kc7 47.h4 gxh4 48.gxh4 Kd6 49.h5 Ke6 50.a4 a5 51.h6 Kd6
52.h7 Kc7 53.Rb5  1-0

[Event "Montpellier"]
[Site "Montpellier"]
[Date "1988.??.??"]
[Round "13"]
[White "Pira, Davoud"]
[Black "Andruet, Gilles"]
[Result "1/2-1/2"]
[WhiteElo "2330"]
[BlackElo "2430"]

1.c4 c5 2.Nf3 Nf6 3.Nc3 e6 4.g3 b6 5.Bg2 Bb7 6.O-O Be7 7.b3 O-O 8.Bb2 a6
9.d4 cxd4 10.Qxd4 d6 11.e4 Qc7 12.Rac1 Nbd7 13.Rfd1 Rad8 14.Qe3 Rfe8 15.Qe2 Qb8
16.Nd2 Bf8 17.f4 Qa8 18.h3 Nc5 19.b4 Ncd7 20.a3 h6 21.Kh2 Rc8 22.Rc2 Qb8
23.Rdc1 Be7 24.Na4 Bc6 25.Nc3 Nh7 26.Nb3 Bf6 27.Qd3 Be7 28.Nd4 Ba8 29.Na4 Bf8
30.Ba1 e5 31.Ne2 exf4 32.gxf4 Qc7 33.Ng3 Nhf6 34.Qd4 h5 35.h4 Re6 36.Bf3 g6
37.Rg2 Bg7 38.Qd3 Bh6 39.f5 Ne5 40.Qe2 Nfg4+ 41.Bxg4 Nxg4+ 42.Kh3 Bxc1 43.fxe6 fxe6
44.c5 Be3 45.Nxb6 Rf8 46.Nxa8 Rxa8 47.Nxh5 gxh5 48.Qxe3 Kf8 49.Qf4+ Ke8 50.Rd2 Rd8
51.Bb2 e5 52.Qf3 Qf7 53.Qxf7+ Kxf7 54.Kg3 Ke6 55.a4 Ne3 56.Rd3 Nc4 57.Bc1 Rb8
58.cxd6 Nxd6 59.Rb3 Nxe4+ 60.Kf3 Nd6 61.Bd2 Rf8+ 62.Ke2 Rb8 63.Kf3 Nf5 64.Ke4 Rg8
65.Bg5 Nxh4 66.Bxh4 Rg4+ 67.Ke3 Rxh4 68.Rb1 Rh3+ 69.Ke2 Ra3 70.b5 axb5 71.axb5 Ra7
72.Ke3  1/2-1/2

[Event "Moscow-B"]
[Site "Moscow"]
[Date "1988.??.??"]
[Round "?"]
[White "Kochyev, Alexander"]
[Black "Danailov, Silvio"]
[Result "1/2-1/2"]
[WhiteElo "2480"]
[BlackElo "2415"]

1.Nf3 Nf6 2.c4 c5 3.Nc3 e6 4.g3 b6 5.Bg2 Bb7 6.O-O a6 7.b3 d6 8.Bb2 Be7 9.e3 O-O
10.d4 cxd4 11.Nxd4 Qc7 12.Rc1 Nbd7 13.Bxb7 Qxb7 14.Qe2  1/2-1/2

[Event "Moscow-B"]
[Site "Moscow"]
[Date "1988.??.??"]
[Round "?"]
[White "Chekhov, Valery A"]
[Black "Danailov, Silvio"]
[Result "1-0"]
[WhiteElo "2480"]
[BlackElo "2415"]

1.c4 c5 2.Nf3 Nf6 3.Nc3 e6 4.e3 d5 5.cxd5 exd5 6.d4 a6 7.Be2 Bd6 8.O-O Nc6
9.dxc5 Bxc5 10.b3 O-O 11.Bb2 Qd6 12.Rc1 Ba7 13.Qd3 Bg4 14.Rfd1 Rad8 15.Qb1 Rfe8
16.Ng5 Re5 17.Nxh7 Bf5 18.Nxf6+ Qxf6 19.Bd3 d4 20.Bxf5 Rxf5 21.Ne4 Qe6 22.exd4 Nxd4
23.Kh1 Rfd5 24.Ng3 Qd7 25.Bxd4 Bxd4 26.Qc2 Bb6 27.Rxd5 Qxd5 28.Ne4 Re8 29.f3 Rd8
30.g4 Ba7 31.Qe2 Bb6 32.Kg2 Qd7 33.Rc2 Qe7 34.Rd2 Rxd2 35.Qxd2 Bc7 36.Qd5 Qa3
37.Qxb7 Bf4 38.Qc8+  1-0

[Event "Muenster ELO"]
[Site "Muenster"]
[Date "1988.??.??"]
[Round "5"]
[White "Kamp, Christoph"]
[Black "Thesing, Matthias"]
[Result "1/2-1/2"]
[WhiteElo "2275"]
[BlackElo "2345"]

1.c4 Nf6 2.Nc3 c5 3.Nf3 e6 4.d4 cxd4 5.Nxd4 a6 6.e4 d6 7.Be3 b6 8.g3 Bb7
9.Bg2 Nbd7 10.Rc1 Rc8 11.b3 Rc7 12.O-O Qa8 13.f3 Be7 14.Qe2 O-O 15.Na4 Rcc8
16.Bh3 Kh8 17.Rfd1 Qb8 18.Qf2 Ba8 19.Nb2 Rfe8 20.Nd3 Rg8 21.Ne2 Rcd8 22.Nc3 Rge8
23.Bg2 Rc8 24.Kh1 Kg8 25.Bd4 b5 26.cxb5 axb5 27.a4 bxa4 28.bxa4 Rc4 29.Nb2 Rb4
30.Nb5 Nc5 31.e5 Rxd4 32.Nxd4 dxe5 33.Nb5 e4 34.fxe4 Ncxe4 35.Qe1 Ng4 36.Nd3 Qb7
37.Qxe4 Qxe4 38.Bxe4 Bxe4+ 39.Kg1 Bg5 40.Nf4 Bd8 41.Nc7 Bxc7 42.Rxc7 g5 43.Ne2 Bf3
44.Rd2 Ne5 45.Kf2 Kg7 46.h3 g4 47.hxg4 Bd5 48.Nf4 Nxg4+ 49.Ke2 Bh1 50.Rdd7 Ne5
51.Re7 Rb8 52.Nxe6+ Kf6 53.Nc5 Rb2+ 54.Ke3 Rb4 55.Ra7 Ng4+ 56.Ke2 Rb2+ 57.Kd3 Ne5+
58.Kc3 Ra2 59.Rec7 Kf5 60.Nd7 Nc6 61.Rab7 Rxa4 62.Rb5+ Kg4 63.Rxc6 Bxc6 64.Ne5+ Kxg3
65.Nxc6 Ra8 66.Kd3 Rh8 67.Rf5 h5 68.Rxf7 h4 69.Rg7+ Kf4 70.Rf7+ Kg3  1/2-1/2

[Event "Munich"]
[Site "Munich"]
[Date "1988.??.??"]
[Round "?"]
[White "Hjartarson, Johann"]
[Black "Kindermann, Stefan"]
[Result "1/2-1/2"]
[WhiteElo "2590"]
[BlackElo "2500"]

1.Nf3 Nf6 2.c4 c5 3.Nc3 e6 4.g3 b6 5.Bg2 Bb7 6.O-O Be7 7.d4 cxd4 8.Qxd4 d6
9.b3 Nbd7 10.Nb5 Nc5 11.Rd1 Nfe4 12.Qe3 a6 13.Nbd4 Nf6 14.b4 Ncd7 15.Bb2 O-O
16.Rac1 Rc8 17.a3 Rc7 18.h3 h6 19.g4  1/2-1/2

[Event "Munich"]
[Site "Munich"]
[Date "1988.??.??"]
[Round "?"]
[White "Van der Sterren, Paul"]
[Black "Kindermann, Stefan"]
[Result "1/2-1/2"]
[WhiteElo "2470"]
[BlackElo "2500"]

1.Nf3 Nf6 2.c4 c5 3.Nc3 e6 4.g3 b6 5.Bg2 Bb7 6.O-O Be7 7.d4 cxd4 8.Qxd4 d6
9.Rd1 a6 10.Ng5 Bxg2 11.Kxg2 Nc6 12.Qf4 O-O 13.Nce4 Ne8 14.b3 Ra7 15.Bb2 Rd7
16.Rac1 Qa8 17.Kg1 b5 18.Nf3 bxc4 19.Rxc4 d5 20.Nc5 Rd8 21.Rcc1 Nf6 22.Qa4 Nb8
23.Be5 Rc8 24.b4 Bxc5 25.bxc5 Ne4 26.Nd2 Nc6 27.Nxe4 Nxe5 28.Nd6 Rc7 29.Qf4 Nd7
30.Nf5 Rxc5 31.Rxc5 Nxc5 32.Nxg7 Kxg7 33.Qd4+ Kg8 34.Qxc5 Rc8 35.Qe7 Rc2
36.Rd4 Rc1+ 37.Kg2 Rc4 38.Qg5+ Kf8 39.Qf6 Kg8 40.Qg5+ Kf8 41.Qf6 Kg8 42.Rd3 a5
43.Rf3 Qf8 44.Qg5+ Kh8 45.Qe5+ Kg8 46.Rb3 Rb4 47.Rc3 Rc4 48.Rxc4 dxc4 49.Qg5+ Kh8
50.Qxa5 Qc8 51.Qc3+ Kg8 52.f3 Qa6 53.a3 Qa4 54.Kf2 Qb3 55.Qb4 Qc2 56.a4 c3
57.a5 Qb2 58.Qg4+ Kf8 59.Qd4 Qa3 60.a6 c2 61.a7 c1=Q 62.a8=Q+ Qxa8 63.Qh8+ Ke7
64.Qxa8 Qh1 65.Qa7+ Kf8 66.Qc5+ Kg7 67.Qg5+ Kf8 68.Qh6+ Kg8 69.Qg5+ Kf8 70.Qh6+ Kg8
71.g4 Qa1 72.h4 Qh1 73.Qg5+ Kf8 74.Qd8+ Kg7 75.Qg5+ Kf8 76.Qf6 Kg8 77.h5 h6
78.Qf4 Kg7 79.Qd4+ Kg8 80.Ke3 Qc1+ 81.Kf2 Qh1 82.Qf4 Kg7 83.Qg3 Kh7 84.f4 Kh8
85.Qg2 Qh4+ 86.Kf3 Kg7 87.Qg1 Kg8 88.f5 exf5 89.gxf5+ Kh7 90.Qg4 Qh1+ 91.Kf2 Qh2+
92.Ke3 Qe5+ 93.Kf3 Qc3+ 94.Kg2 Qb2 95.Kh3 Qa1 96.Qg2 Qe5 97.Qf3 Kg7 98.Kg4 Qd4+
99.Kh3 Kf6 100.e3 Qa1 101.e4 Qc1 102.Qd3 Qh1+ 103.Kg3 Qg1+ 104.Kf3 Qh1+  1/2-1/2

[Event "Naestved op"]
[Site "Naestved"]
[Date "1988.??.??"]
[Round "?"]
[White "Nielsen, Jens Hartung"]
[Black "Stempin, Pawel"]
[Result "1-0"]
[WhiteElo "2270"]
[BlackElo "2435"]

1.c4 c5 2.Nf3 Nf6 3.Nc3 e6 4.e3 b6 5.d4 cxd4 6.exd4 Bb7 7.Bd3 d5 8.cxd5 Nxd5
9.O-O Nd7 10.Re1 Be7 11.Ne4 O-O 12.a3 Rc8 13.Bd2 Qc7 14.Rc1 Qb8 15.Ne5 Rxc1
16.Bxc1 N5f6 17.Bf4 Bxe4 18.Bxe4 Nxe4 19.Rxe4 Qb7 20.Re2 Nf6 21.Rc2 Nd5 22.Be3 Bd6
23.Qf3 f6 24.Nd3 Qd7 25.Rc1 a5 26.Bf4 Be7 27.Qe4 a4 28.Re1 Rc8 29.h3 Rc4
30.Rc1 Rxc1+ 31.Bxc1 f5 32.Qe2 Bf6 33.Be3 Qc6 34.Qd2 Qc4 35.Ne1 f4 36.Bxf4 Qxd4
37.Qxd4 Bxd4 38.Bc1 b5 39.Kf1 Nb6 40.Nc2  1-0

[Event "Naestved op"]
[Site "Naestved"]
[Date "1988.??.??"]
[Round "2"]
[White "Schmidt, Wlodzimierz"]
[Black "Blauert, Joerg"]
[Result "1-0"]
[WhiteElo "2465"]
[BlackElo "2290"]

1.Nf3 Nf6 2.c4 e6 3.Nc3 c5 4.g3 d5 5.cxd5 Nxd5 6.Bg2 Nc6 7.O-O Be7 8.d4 O-O
9.Nxd5 exd5 10.dxc5 Bxc5 11.Bg5 Qb6 12.Rc1 d4 13.Ne1 Be6 14.Nd3 Bd6 15.Qa4 Rac8
16.Bd2 Rfe8 17.b4 Bg4 18.b5 Bxe2 19.bxc6 bxc6 20.Bxc6 Rf8 21.Ba5 Qa6 22.Bb5 Qb7
23.Rxc8 Rxc8 24.Re1 Bg4 25.Bb4 Bxb4 26.Nxb4 Bh3 27.Bc6 Qb8 28.Bd7  1-0

[Event "Naestved op"]
[Site "Naestved"]
[Date "1988.??.??"]
[Round "8"]
[White "Ginsburg, Mark"]
[Black "Hansen, Lars Bo"]
[Result "1/2-1/2"]
[WhiteElo "2370"]
[BlackElo "2455"]

1.c4 Nf6 2.Nc3 c5 3.Nf3 e6 4.e3 Be7 5.d4 cxd4 6.exd4 d5 7.cxd5 Nxd5 8.Bd3 Nc6
9.O-O O-O 10.Re1 Bf6 11.Be4 Nce7 12.Ne5 g6 13.Bh6 Bg7 14.Qd2 Nf6 15.Bc2 b6
16.Rad1 Bb7 17.Bb3 Ned5 18.Bg5 Nxc3 19.bxc3 Qc8 20.Qd3 Qc7 21.c4 Nd7 22.Nxd7 Qxd7
23.Qh3 b5 24.d5 bxc4 25.dxe6 Qb5 26.Be7 cxb3 27.Bxf8 Rxf8 28.e7 Re8 29.Rd8 bxa2
30.Qb3 Bc6 31.Rxe8+ Bxe8 32.Qxb5 Bxb5 33.e8=Q+ Bxe8 34.Rxe8+ Bf8 35.Re1 Bg7  1/2-1/2

[Event "Naleczow"]
[Site "Naleczow"]
[Date "1988.??.??"]
[Round "1"]
[White "Andonov, Bogomil"]
[Black "Hawelko, Marek"]
[Result "1-0"]
[WhiteElo "2415"]
[BlackElo "2410"]

1.Nf3 Nf6 2.c4 c5 3.Nc3 d5 4.cxd5 Nxd5 5.d4 Nxc3 6.bxc3 g6 7.e3 Bg7 8.Bb5+ Nd7
9.O-O O-O 10.a4 b6 11.Qe2 Bb7 12.Ba3 Qc7 13.e4 Rfd8 14.a5 Rac8 15.Rab1 e6
16.e5 Nb8 17.Rfd1 Nc6 18.a6 Ba8 19.Ng5 Ne7 20.Ne4 Nf5 21.g4 Nh4 22.f4 Bxe4
23.Qxe4 cxd4 24.cxd4 Qc3 25.Rd3 Qc2 26.Rf1 Qa2 27.Be7 g5 28.Bxg5 Ng6 29.f5 Nf8
30.Bxd8 Rxd8 31.Rfd1 Bh6  1-0

[Event "Naleczow"]
[Site "Naleczow"]
[Date "1988.??.??"]
[Round "7"]
[White "Szymczak, Zbigniew"]
[Black "Przewoznik, Jan"]
[Result "0-1"]
[WhiteElo "2340"]
[BlackElo "2370"]

1.Nf3 Nf6 2.c4 e6 3.Nc3 c5 4.g3 b6 5.Bg2 Bb7 6.O-O d5 7.Ne5 Bd6 8.d4 cxd4
9.Qxd4 Bxe5 10.Qxe5 Nc6 11.Qg5 h6 12.Qh4 Na5 13.Rd1 O-O 14.b4 Nc6 15.cxd5 Nxd5
16.Nxd5 Qxh4 17.gxh4 exd5 18.Bxd5 Rad8 19.Bf4 Nd4 20.Bc4 Nc2 21.Rab1 Na3
22.Bd3 Nxb1 23.Rxb1 Rd4 24.Bg3 Rc8 25.b5 Be4 26.Bxe4 Rxe4 27.Rb2 Rec4 28.a3 Rc2
29.Rxc2 Rxc2 30.Bb8 Rxe2 31.Bxa7 Re6 32.Kg2 Kf8 33.Bb8 Ke7 34.Bf4 Kd7 35.Kf3 Re1
36.Be3 Kc7 37.Bd2 Ra1 38.Bb4 h5 39.Bf8 g6 40.Bb4 Kd7 41.h3 Ke6  0-1